Villes ayant eu 2 clubs en Finales des Ligues des Champions - Statistiques

Statistiques générales
  • Ce quiz a été pris 146 fois
  • Le résultat moyen est 11 sur 12
Statistiques - réponses
Question Tuile Select % Correct
Trouve les villes ayant eu au moins 2 clubs différents en Finales des Ligues des Champions Paris Non
97%
Trouve les villes ayant eu au moins 2 clubs différents en Finales des Ligues des Champions Barcelone Non
96%
Trouve les villes ayant eu au moins 2 clubs différents en Finales des Ligues des Champions Liverpool Non
94%
Trouve les villes ayant eu au moins 2 clubs différents en Finales des Ligues des Champions Madrid Oui
94%
Trouve les villes ayant eu au moins 2 clubs différents en Finales des Ligues des Champions Milan Oui
94%
Trouve les villes ayant eu au moins 2 clubs différents en Finales des Ligues des Champions Munich Non
94%
Trouve les villes ayant eu au moins 2 clubs différents en Finales des Ligues des Champions Moscou Non
93%
Trouve les villes ayant eu au moins 2 clubs différents en Finales des Ligues des Champions Londres Oui
92%
Trouve les villes ayant eu au moins 2 clubs différents en Finales des Ligues des Champions Manchester Oui
92%
Trouve les villes ayant eu au moins 2 clubs différents en Finales des Ligues des Champions Porto Non
91%
Trouve les villes ayant eu au moins 2 clubs différents en Finales des Ligues des Champions Turin Non
88%
Trouve les villes ayant eu au moins 2 clubs différents en Finales des Ligues des Champions Belgrade Oui
31%
Aucun quiz correspondant
Distribution des résultats
% des personnes avec chaque résultat
Percentile par nombre de réponses
Votre historique - résultats
Vous n’avez pas pris ce quiz